| 000 | 06485nam a22006377a 4500 | ||
|---|---|---|---|
| 005 | 2012011105455.0 | ||
| 010 | _aB-476607-634 | ||
| 020 |
_a8121933242 _c99.00 |
||
| 020 | _a9788121933247 | ||
| 035 | _aB-476607-634 | ||
| 037 |
_adpl _bBlue Berry/Ven |
||
| 082 | 0 | 0 |
_a535.078 _222 |
| 100 | 1 |
_aRichards, Jon, _d1970- _952451 |
|
| 245 | 1 | 0 |
_aLight & sight / _cJon Richards. |
| 246 | 3 | _aLight and sight | |
| 260 |
_aRudrapur : _bNirja Publishers & Printers _c2010. |
||
| 270 | _bRudrapur | ||
| 300 |
_a32 p. : _bcol. ill. ; _c29 cm. (Pbk) |
||
| 490 | 0 |
_aScience factory _952452 |
|
| 500 | _aIncludes index. | ||
| 520 | _aThis book uses simple experiments to describe the properties of light and to demonstrate how rainbows are made, the importance of sunlight to life on Earth, how to create moving pictures, and more. | ||
| 650 | 0 |
_aLight _vJuvenile literature. _952453 |
|
| 650 | 0 |
_aLight _xExperiments _vJuvenile literature. _952454 |
|
| 650 | 0 |
_aSunshine _vJuvenile literature. _952455 |
|
| 942 |
_2ddc _cCH _h535.078 _mRIC |
||
| 999 |
_c60695 _d60695 |
||